| 000 | 00528nam a2200181Ia 4500 | ||
|---|---|---|---|
| 999 |
_c10184 _d10184 |
||
| 003 | OSt | ||
| 005 | 20191216110035.0 | ||
| 008 | 190216s9999||||xx |||||||||||||| ||und|| | ||
| 040 | _coclc | ||
| 082 |
_a338.505 _bKEN/A |
||
| 100 |
_aKennedy, Maria John _9471 |
||
| 245 | 0 |
_aAdvanced Microeconomic Theory / _c Maria John Kennedy |
|
| 250 | _a2nd ed. | ||
| 260 |
_bHimalaya Publishing House, _c1997 _aDelhi: |
||
| 300 | _a779 p | ||
| 650 | _aEconomics | ||
| 942 |
_cBK _2ddc _h338.505 _iKEN/A _k338.505 _mKEN/A |
||